000 00366nam a22001577a 4500
005 20231102124203.0
008 231031b |||||||| |||| 00| 0 eng d
082 _a032
_bENC
245 _aEncylopaedia Britannica
260 _aUSA :
_bWilliam Benton,
_c1966
300 _a1138
490 _vVol-14
500 _aInclude Index
650 _aReference
999 _c34653
_d34653